La fuerza de las cosas

Sparad:
Bibliografiska uppgifter
Huvudupphovsman: Beauvoir, Simone de
Materialtyp: Bok
Språk:Undetermined
Publicerad: Buenos Aires, Argentina Sudamericana 1979
Upplaga:7
Ämnen:
Taggar: Lägg till en tagg
Inga taggar, Lägg till första taggen!

MARC

LEADER 00000nam a2200000Ia 4500
008 170316s9999 xx 000 0 und d
040 |a cru BVZT 
090 |a 840 B-6f 
100 |a Beauvoir, Simone de 
245 |a La fuerza de las cosas 
250 |a 7 
260 |a Buenos Aires, Argentina 
260 |b Sudamericana 
260 |c 1979 
300 |a 762 páginas 
650 |a LITERATURA FRANCESA 
999 |c 7545  |d 7545 
942 |c 15 D  |h 840 B-6f  |2 z